=LDR 00000nam 2200000 4500 =001 NUTBA000000000005099 =005 20201120090808 =035 ##$$a 0010-101400000000329 =008 201120################g##########0#ind## =082 ##$$a 320.54 =100 ##$$a Tanti Meranti =245 1#$$a Globalisasi dan dampaknya /$c Tanti Meranti =250 ##$$a Cet.2 =260 ##$$a Jakarta : :$b Citra Unggul Laksana,$c 2011 =300 ##$$a vi, 49 hlm. : $b ilus. ; $c 17,5x24 cm. =020 ##$$a 979-2442-37-5 =084 ##$$a 320.54 TAN g =500 ##$$a Bibliografi : hlm. 49 =650 #4$$a Indonesia - Dampak Globalisasi =990 ##$$a 21304584 =990 ##$$a 21412557 =990 ##$$a 21412558 =990 ##$$a 21412559 =990 ##$$a 21412560 =990 ##$$a 21412561 =990 ##$$a 21304586 =990 ##$$a 21304588 =990 ##$$a 21304587 =990 ##$$a 21304585